[Event "U.S. Amateur North"]
[Site "Detroit, MI"]
[Date "1997.05.24"]
[Round "1.24"]
[White "Gillom, Donte"]
[Black "Moore, Robert"]
[Result "0-1"]
[WhiteElo "881"]
[BlackElo "1716"]
[PlyCount "96"]
[EventDate "1997.05.24"]

1. d3 g6 2. e4 Bg7 3. Bd2 Bxb2 4. Bc3 Bxa1 5. Bxa1 f6 6. Be2 Nc6 7. Nf3 e5 8.
d4 d6 9. dxe5 dxe5 10. Nbd2 Be6 11. a4 Nge7 12. Qb1 Rb8 13. Bb5 O-O 14. Bc4
Bxc4 15. Nxc4 Nc8 16. Qb3 Kg7 17. g4 Nd6 18. g5 Nxc4 19. Qxc4 fxg5 20. Nxe5
Nxe5 21. Bxe5+ Kh6 22. Qb3 g4 23. Qe3+ Qg5 24. f4 gxf3 25. Bg7+ Kh5 26. Qxg5+
Kxg5 27. Rg1+ Kf4 28. Bh6+ Kxe4 29. Rg4+ Kd5 30. c4+ Kc6 31. Bxf8 Rxf8 32. Rg5
Rf5 33. Rxf5 gxf5 34. Kf2 Kc5 35. Kxf3 Kxc4 36. h4 Kd3 37. Kf4 c5 38. h5 c4 39.
h6 c3 40. Kxf5 c2 41. Kf6 c1=Q 42. Kg7 Qc7+ 43. Kh8 Ke4 44. a5 Kf5 45. a6 Kf6
46. axb7 Qxb7 47. Kg8 Kg6 48. Kh8 Qc8# 0-1

[Event "U.S. Amateur North"]
[Site "Detroit, MI"]
[Date "1997.05.24"]
[Round "2.7"]
[White "Gentry, Loyd"]
[Black "Andreas, Peter"]
[Result "1-0"]
[WhiteElo "1670"]
[BlackElo "1968"]
[PlyCount "78"]
[EventDate "1997.05.24"]

1. e4 Nf6 2. e5 Nd5 3. Nf3 d6 4. Bc4 Nb6 5. Bb3 Bf5 6. Qe2 e6 7. Nc3 Nc6 8. h3
Be7 9. g4 Bg6 10. h4 h6 11. d3 dxe5 12. Nxe5 Nxe5 13. Qxe5 Bf6 14. Qg3 Bxc3+
15. bxc3 Qd7 16. h5 Bh7 17. g5 hxg5 18. Qxg5 f6 19. Qa5 Qc6 20. Rh2 Bf5 21. Be3
Qf3 22. Bxb6 cxb6 23. Qb5+ Kd8 24. Qb4 Qc6 25. O-O-O Rc8 26. c4 Qc5 27. Qc3 Bg4
28. h6 Qg5+ 29. Rd2 Rxh6 30. Rxh6 gxh6 31. Kb1 Ke7 32. d4 Qa5 33. Qe3 Qg5 34.
Qe1 Kf7 35. c5 bxc5 36. dxc5 Rc7 37. Rd6 Qe5 38. Qd2 Qxc5 39. Rd8 Kg6 1-0

[Event "U.S. Amateur North"]
[Site "Detroit, MI"]
[Date "1997.05.24"]
[Round "2.3"]
[White "Gentry, Bronson"]
[Black "Moody, David"]
[Result "1-0"]
[WhiteElo "1686"]
[BlackElo "2024"]
[PlyCount "55"]
[EventDate "1997.05.24"]

1. e4 e5 2. Nf3 Nc6 3. Bc4 Nf6 4. Ng5 d5 5. exd5 Na5 6. Bb5+ c6 7. dxc6 bxc6 8.
Be2 h6 9. Nf3 e4 10. Ne5 Qd4 11. Ng4 Bxg4 12. Bxg4 e3 13. Bf3 exf2+ 14. Kf1 Be7
15. Qe2 O-O 16. c3 Qa4 17. Kxf2 Bc5+ 18. d4 Rfe8 19. Qd3 Rad8 20. b4 Nb3 21.
axb3 Qxa1 22. bxc5 Qa2+ 23. Nd2 g5 24. Rf1 g4 25. Bxc6 Re6 26. Bb5 Ne4+ 27. Kg1
Nxc5 28. Qf5 1-0

[Event "U.S. Amateur North"]
[Site "Detroit, MI"]
[Date "1997.05.24"]
[Round "1.13"]
[White "Garrison, Ray"]
[Black "Lueer, Michael"]
[Result "1-0"]
[WhiteElo "1911"]
[BlackElo "1045"]
[PlyCount "69"]
[EventDate "1997.05.24"]

1. e4 d6 2. d4 Nf6 3. Nc3 g6 4. f4 Nc6 5. Nf3 Bg7 6. d5 Nb8 7. Bd3 e6 8. dxe6
Bxe6 9. Be3 O-O 10. Qd2 d5 11. e5 Ng4 12. Bc5 Re8 13. Bb5 c6 14. Be2 Nd7 15.
Bd6 Qb6 16. Nd4 Qxb2 17. Rb1 Qxb1+ 18. Nxb1 f6 19. Nxe6 Rxe6 20. Bxg4 f5 21.
Bf3 h6 22. Nc3 Nb6 23. Bc5 Nc4 24. Qd3 Bxe5 25. fxe5 Nxe5 26. Qd1 Nxf3+ 27. Kf2
Ne5 28. Re1 Ng4+ 29. Kg1 Rae8 30. Rxe6 Rxe6 31. Nxd5 b6 32. Ne7+ Kf7 33. Bb4
Ne3 34. Qd7 Nxc2 35. Nd5+ 1-0

[Event "U.S. Amateur North"]
[Site "Detroit, MI"]
[Date "1997.05.24"]
[Round "1.15"]
[White "Garant, Justin"]
[Black "Mahabir, Naresh"]
[Result "1-0"]
[WhiteElo "1906"]
[BlackElo "999"]
[PlyCount "97"]
[EventDate "1997.05.24"]

1. e4 c5 2. Nf3 Nc6 3. d4 cxd4 4. Nxd4 d6 5. Nc3 Nf6 6. Bc4 g6 7. Be3 Bg7 8. f4
Ng4 9. Bg1 O-O 10. h3 Nf6 11. Qd2 Qc7 12. Bb3 a6 13. O-O-O e5 14. fxe5 dxe5 15.
Nf3 Rd8 16. Qe2 Rxd1+ 17. Qxd1 Be6 18. Bxe6 fxe6 19. Be3 Rd8 20. Qg1 Qd6 21.
Bc5 Qd7 22. Qf2 Kh8 23. Bb6 Rc8 24. Rd1 Qe7 25. Qd2 Qf8 26. Qd6 Qf7 27. Kb1 Bf8
28. Ng5 Qe7 29. Qxe6 Qxe6 30. Nxe6 Be7 31. g4 Nb8 32. Bc7 Nbd7 33. g5 Ne8 34.
Rxd7 Nxc7 35. Rxc7 Rxc7 36. Nxc7 Bxg5 37. Ne6 Be7 38. Nd5 Bd6 39. Nd8 b5 40.
Nf7+ Kg7 41. Nxd6 h5 42. Kc1 g5 43. Nc7 g4 44. hxg4 hxg4 45. Nxa6 g3 46. Nf5+
Kg6 47. Nxg3 Kg5 48. Nf5 Kf4 49. Nc5 1-0

[Event "U.S. Amateur North"]
[Site "Detroit, MI"]
[Date "1997.05.24"]
[Round "3.2"]
[White "Garant, Justin"]
[Black "Jarosz, Stan"]
[Result "0-1"]
[WhiteElo "1906"]
[BlackElo "2035"]
[PlyCount "78"]
[EventDate "1997.05.24"]

1. e4 c5 2. Nf3 e6 3. d4 cxd4 4. Nxd4 Nf6 5. Nc3 d6 6. Bc4 Nc6 7. O-O Be7 8.
Bg5 a6 9. a4 Nxe4 10. Nxe4 Bxg5 11. Nxg5 Qxg5 12. Nxc6 d5 13. Bxd5 Qxd5 14.
Qxd5 exd5 15. Nb4 Be6 16. Rfe1 O-O 17. Rad1 Rfd8 18. Re5 d4 19. Re4 a5 20. Nd3
Bf5 21. Rf4 Rd5 22. Re1 Rc8 23. h3 g5 24. Rf3 Rxc2 25. Re8+ Kg7 26. Re5 Rxe5
27. Nxe5 Be6 28. Rd3 Rxb2 29. Rxd4 Rb1+ 30. Kh2 Rb4 31. Rxb4 axb4 32. a5 Kf6
33. Nd3 b3 34. Kg3 Bf5 35. Nb2 Ke5 36. Kf3 Kd4 37. Ke2 Kc3 38. Na4+ Kc2 39. Ke3
Bd7 0-1

[Event "U.S. Amateur North"]
[Site "Detroit, MI"]
[Date "1997.05.24"]
[Round "2.16"]
[White "Gaiefsky, Mike"]
[Black "Alliston, Richard"]
[Result "1-0"]
[WhiteElo "1900"]
[BlackElo "1510"]
[PlyCount "83"]
[EventDate "1997.05.24"]

1. d4 d5 2. c4 e6 3. Nf3 Nf6 4. Nc3 c6 5. e3 Nbd7 6. Bd3 dxc4 7. Bxc4 b5 8. Bd3
Be7 9. O-O O-O 10. Bd2 Bb7 11. Rc1 Rc8 12. Qe2 a6 13. Rfd1 Re8 14. a3 c5 15.
Ne5 c4 16. Bb1 g6 17. f4 Qc7 18. Be1 Nxe5 19. fxe5 Nh5 20. g4 Ng7 21. Be4 f6
22. exf6 Bxf6 23. Bg3 Qb6 24. Qf3 Bxe4 25. Nxe4 Be7 26. Nf6+ Bxf6 27. Qxf6 Rf8
28. Qe5 Qc6 29. e4 Rf3 30. Rf1 Rcf8 31. Rxf3 Rxf3 32. Bf4 a5 33. Kg2 Rd3 34.
Rf1 c3 35. Bh6 Qb7 36. bxc3 Rxc3 37. Bxg7 Rc2+ 38. Kg1 Rc8 39. Bf8 b4 40. Qxe6+
Kh8 41. axb4 a4 42. Bc5 1-0

[Event "U.S. Amateur North"]
[Site "Detroit, MI"]
[Date "1997.05.24"]
[Round "2.32"]
[White "Funderburg, James"]
[Black "Silveri, Marco"]
[Result "0-1"]
[WhiteElo "738"]
[BlackElo "1251"]
[PlyCount "88"]
[EventDate "1997.05.24"]

1. e4 c5 2. c4 d6 3. Nf3 Nf6 4. Nc3 g6 5. d3 Bg7 6. Be2 O-O 7. O-O Nc6 8. Nd5
Nxd5 9. cxd5 Nd4 10. Nxd4 Bxd4 11. Be3 Bxb2 12. Rb1 Bg7 13. d4 b6 14. dxc5 dxc5
15. Bg5 Qd7 16. Bc4 h6 17. Be3 Qc7 18. Qd2 a6 19. Bxh6 b5 20. Bb3 Qe5 21. Bxg7
Kxg7 22. Bc2 c4 23. f4 Qd6 24. e5 Qc5+ 25. Kh1 Rd8 26. Be4 Bb7 27. f5 Bxd5 28.
Bxd5 Rxd5 29. f6+ Kh7 30. Qe1 Rxe5 31. Qh4+ Rh5 32. Qe1 Qe5 33. Qxe5 Rxe5 34.
Rbe1 Rxe1 35. Rxe1 exf6 36. Rd1 c3 37. Rc1 b4 38. Kg1 Rd8 39. Kf1 Rd2 40. Ke1
Rxa2 41. g4 Rxh2 42. g5 c2 43. Ra1 b3 44. Rxa6 c1=Q# 0-1

[Event "U.S. Amateur North"]
[Site "Detroit, MI"]
[Date "1997.05.24"]
[Round "2.6"]
[White "Evans Sr., Thomas"]
[Black "Martell, Raul"]
[Result "0-1"]
[WhiteElo "1968"]
[BlackElo "1678"]
[PlyCount "128"]
[EventDate "1997.05.24"]

1. e4 e5 2. Bc4 Nf6 3. d3 h6 4. Ne2 c6 5. O-O d5 6. exd5 cxd5 7. Bb5+ Bd7 8.
Bxd7+ Qxd7 9. Ng3 Bd6 10. Qf3 Nc6 11. c3 Ne7 12. h3 Nh7 13. Nh5 O-O 14. Qg3 Ng6
15. Qf3 Qe6 16. Ng3 f5 17. b4 f4 18. Nh1 Ng5 19. Qg4 Qxg4 20. hxg4 e4 21. d4
Nh4 22. Na3 Nxg2 23. Nb5 Bb8 24. Rd1 Nh4 25. a4 Ngf3+ 26. Kf1 Nh2+ 27. Ke2 N4f3
28. a5 a6 29. Na3 Nxg4 30. Bb2 g5 31. c4 Bd6 32. cxd5 Bxb4 33. Nc4 Rac8 34.
Rdc1 Rc7 35. Ra4 Bxa5 36. Nxa5 Rxc1 37. Bxc1 Rc8 38. Rc4 Rxc4 39. Nxc4 Nxd4+
40. Kf1 Nh2+ 41. Kg2 Nhf3 42. Na5 b5 43. Nc6 Kf7 44. Ba3 Nxc6 45. dxc6 Ke6 46.
Kf1 Nd4 47. Bf8 Nxc6 48. Bxh6 Kf5 49. Bg7 g4 50. Ke2 b4 51. Kd2 a5 52. Kc2 a4
53. Kd2 Ne5 54. Bf8 Nd3 55. Kc2 Ke5 56. Bg7+ Kd5 57. Bf8 Kc4 58. Bh6 a3 59. Kb1
b3 60. f3 gxf3 61. Bg7 b2 62. Bxb2 Nxb2 63. Nf2 e3 64. Ne4 f2 0-1

[Event "U.S. Amateur North"]
[Site "Detroit, MI"]
[Date "1997.05.24"]
[Round "2.29"]
[White "Evans Jr., Thomas"]
[Black "Zarzycki, Katherine"]
[Result "1-0"]
[WhiteElo "1299"]
[BlackElo "843"]
[PlyCount "50"]
[EventDate "1997.05.24"]

1. d4 d5 2. c4 c5 3. e3 Nf6 4. Nc3 Nc6 5. Nf3 Ne4 6. cxd5 Nxc3 7. bxc3 Qxd5 8.
Bb5 cxd4 9. c4 Qe4 10. Qxd4 Qxd4 11. Nxd4 e5 12. Nxc6 bxc6 13. Bxc6+ Bd7 14.
Bxa8 Bb4+ 15. Bd2 Bc5 16. O-O O-O 17. Bd5 Re8 18. e4 Be6 19. g3 Bd4 20. Rab1 h6
21. Be3 Bxd5 22. exd5 Bxe3 23. fxe3 e4 24. Rbc1 Re5 25. Rfd1 g6 1-0

[Event "U.S. Amateur North"]
[Site "Detroit, MI"]
[Date "1997.05.24"]
[Round "2.27"]
[White "Dolin, Jack"]
[Black "Gillom, Donte"]
[Result "1-0"]
[WhiteElo "1336"]
[BlackElo "881"]
[PlyCount "43"]
[EventDate "1997.05.24"]

1. d4 d6 2. c4 Bd7 3. Nc3 Nf6 4. e4 Nc6 5. Bd3 Nxd4 6. Nge2 Nxe2 7. Qxe2 e6 8.
O-O e5 9. Bg5 Be7 10. f4 Bg4 11. Qe3 exf4 12. Qxf4 Bd7 13. Nd5 O-O 14. Qh4 h6
15. Bxf6 Bxf6 16. Nxf6+ gxf6 17. Qxh6 Re8 18. Rxf6 c6 19. e5 Qb6+ 20. Kh1 Qxb2
21. Qh7+ Kf8 22. Qxf7# 1-0

[Event "U.S. Amateur North"]
[Site "Detroit, MI"]
[Date "1997.05.24"]
[Round "1.20"]
[White "Davis, Terry"]
[Black "Solon, Nathan"]
[Result "0-1"]
[WhiteElo "921"]
[BlackElo "1769"]
[PlyCount "52"]
[EventDate "1997.05.24"]

1. d4 Nf6 2. Bg5 Ne4 3. Bf4 c5 4. f3 Qa5+ 5. c3 Nf6 6. Bg5 cxd4 7. Bxf6 gxf6 8.
Qxd4 Bh6 9. e3 Nc6 10. Qd2 Qc5 11. f4 d5 12. Nf3 e5 13. g3 Be6 14. Bg2 O-O-O
15. b4 Qb6 16. Bf1 d4 17. e4 dxc3 18. Qxc3 Qxb4 19. Be2 exf4 20. gxf4 Bxf4 21.
h4 Qxe4 22. Rg1 Rhe8 23. Rg2 Bc4 24. Qb2 Qxf3 25. Rf2 Qh1+ 26. Rf1 Bg3# 0-1

[Event "U.S. Amateur North"]
[Site "Detroit, MI"]
[Date "1997.05.24"]
[Round "3.26"]
[White "Davis, Terry"]
[Black "Scioly, Tony"]
[Result "1/2-1/2"]
[WhiteElo "921"]
[BlackElo "1550"]
[PlyCount "88"]
[EventDate "1997.05.24"]

1. d4 Nf6 2. Bg5 g6 3. Bxf6 exf6 4. e4 Bg7 5. Nf3 d6 6. Bd3 O-O 7. O-O Nc6 8.
Re1 Bg4 9. c3 Re8 10. Nbd2 a6 11. h3 Bd7 12. Nc4 b5 13. Ncd2 Na5 14. b4 Nb7 15.
Rc1 c5 16. a3 Rc8 17. Kf1 g5 18. Nh2 Qb6 19. Qh5 h6 20. Ndf3 cxd4 21. cxd4 Nd8
22. Rxc8 Bxc8 23. h4 Ne6 24. g3 Nxd4 25. Nxd4 Qxd4 26. Rd1 Qc3 27. Ng4 Bxg4 28.
Qxg4 Qxa3 29. Qd7 Re6 30. Qd8+ Bf8 31. hxg5 fxg5 32. Qa5 Qxa5 33. bxa5 Bg7 34.
Rc1 Be5 35. Rc6 d5 36. exd5 Rxc6 37. dxc6 Bc7 38. Bxb5 Bxa5 39. Bxa6 Kg7 40.
Kg2 f6 41. Bd3 Bc7 42. Bf5 h5 43. Kh3 Kh6 44. f3 Kg7 1/2-1/2

[Event "U.S. Amateur North"]
[Site "Detroit, MI"]
[Date "1997.05.24"]
[Round "3.4"]
[White "Dangremond, Leonard"]
[Black "Solon, Nathan"]
[Result "1-0"]
[WhiteElo "1989"]
[BlackElo "1769"]
[PlyCount "33"]
[EventDate "1997.05.24"]

1. e4 c5 2. Nf3 d6 3. d4 cxd4 4. Nxd4 Nf6 5. Nc3 g6 6. Be3 Bg7 7. Be2 O-O 8.
O-O Nc6 9. f3 Qb6 10. Rb1 Nxe4 11. Nd5 Qc5 12. Nf5 gxf5 13. Bxc5 Nxc5 14. b4
Be6 15. bxc5 Bxd5 16. Qxd5 dxc5 17. Rxb7 1-0

[Event "U.S. Amateur North"]
[Site "Detroit, MI"]
[Date "1997.05.24"]
[Round "1.5"]
[White "Dangremond, Leonard"]
[Black "Robinson, David"]
[Result "1-0"]
[WhiteElo "1989"]
[BlackElo "1278"]
[PlyCount "57"]
[EventDate "1997.05.24"]

1. e4 d6 2. d4 Nf6 3. Nc3 g6 4. Nf3 Bg7 5. Be3 O-O 6. Bc4 c6 7. Qd2 d5 8. exd5
cxd5 9. Bb3 Re8 10. O-O Nc6 11. Rfe1 Bf5 12. Rad1 Rc8 13. Ba4 a6 14. Ne5 b5 15.
Nxc6 Rxc6 16. Bb3 Qd7 17. f3 Rec8 18. Ne2 Bxc2 19. Bxc2 Rxc2 20. Qa5 Qe6 21.
Nc3 Qc6 22. Qa3 Qc4 23. Qxa6 Rxb2 24. Rc1 Qc6 25. Qa3 b4 26. Qxb2 bxc3 27. Qb3
c2 28. Re2 Qc3 29. Rexc2 1-0

[Event "U.S. Amateur North"]
[Site "Detroit, MI"]
[Date "1997.05.24"]
[Round "3.3"]
[White "Croel, Duane"]
[Black "LaFata, Sam"]
[Result "1/2-1/2"]
[WhiteElo "1767"]
[BlackElo "2019"]
[PlyCount "41"]
[EventDate "1997.05.24"]

1. d4 d5 2. c4 e6 3. Nc3 Nf6 4. cxd5 exd5 5. Bg5 Be7 6. e3 c6 7. Bd3 Ne4 8.
Bxe7 Qxe7 9. Qc2 Nxc3 10. Qxc3 a5 11. Nf3 Nd7 12. Rc1 O-O 13. O-O Re8 14. a3
Nf6 15. b4 axb4 16. axb4 Ne4 17. Qb2 Bd7 18. Ne5 Rac8 19. Bxe4 dxe4 20. Nxd7
Qxd7 21. Rc3 1/2-1/2

[Event "U.S. Amateur North"]
[Site "Detroit, MI"]
[Date "1997.05.24"]
[Round "1.21"]
[White "Croel, Duane"]
[Black "Chrzan, Bryan"]
[Result "1-0"]
[WhiteElo "1767"]
[BlackElo "903"]
[PlyCount "47"]
[EventDate "1997.05.24"]

1. d4 e6 2. c4 c5 3. d5 exd5 4. cxd5 Nf6 5. Nc3 d6 6. e4 Be7 7. f4 Bg4 8. Nf3
Bxf3 9. Qxf3 O-O 10. Bd3 Qb6 11. e5 dxe5 12. fxe5 Nfd7 13. Bf4 f6 14. e6 Ne5
15. Bxe5 fxe5 16. Qh5 g6 17. Bxg6 hxg6 18. Qxg6+ Kh8 19. O-O-O c4 20. Qh6+ Kg8
21. Rhf1 Na6 22. Rf3 Nb4 23. Rg3+ Bg5+ 24. Rxg5# 1-0

[Event "U.S. Amateur North"]
[Site "Detroit, MI"]
[Date "1997.05.24"]
[Round "2.10"]
[White "Coleman, John"]
[Black "Kane, Paul"]
[Result "1-0"]
[WhiteElo "1949"]
[BlackElo "1629"]
[PlyCount "111"]
[EventDate "1997.05.24"]

1. d4 d5 2. c4 c6 3. Nc3 Nf6 4. Bf4 Bf5 5. Nf3 e6 6. e3 Bb4 7. a3 Bxc3+ 8. bxc3
dxc4 9. Bxc4 b5 10. Be2 Nd5 11. Qb3 Nxf4 12. exf4 O-O 13. O-O Nd7 14. a4 a6 15.
Nd2 Nf6 16. Bf3 Qc7 17. g3 Rab8 18. Rfe1 Rfd8 19. axb5 axb5 20. Ra6 Nd5 21. c4
bxc4 22. Qxc4 Rb6 23. Rea1 Rxa6 24. Rxa6 Rc8 25. Qc5 Qe7 26. Rxc6 Qxc5 27. Rxc5
Rxc5 28. dxc5 Nc7 29. Kf1 Bd3+ 30. Be2 Bxe2+ 31. Kxe2 Kf8 32. Kd3 Ke7 33. Nc4
Kd7 34. Ne5+ Ke7 35. Kd4 f6 36. Nd3 Kd7 37. Nb4 g6 38. g4 h6 39. h4 g5 40. hxg5
e5+ 41. fxe5 Ne6+ 42. Kd5 fxg5 43. c6+ Ke7 44. Ke4 Nc5+ 45. Kf5 Ne6 46. Nd5+
Kf7 47. c7 h5 48. c8=Q Ng7+ 49. Kxg5 Ne6+ 50. Kh4 hxg4 51. Qd7+ Kf8 52. Qxe6 g3
53. fxg3 Kg7 54. Qf6+ Kh7 55. Ne3 Kg8 56. Nf5 1-0

[Event "U.S. Amateur North"]
[Site "Detroit, MI"]
[Date "1997.05.24"]
[Round "3.36"]
[White "Chrzan, Anthony"]
[Black "Wallace, Kyle"]
[Result "1-0"]
[WhiteElo "948"]
[BlackElo "696"]
[PlyCount "89"]
[EventDate "1997.05.24"]

1. e4 e5 2. Nf3 Nf6 3. d3 Bc5 4. Be2 Ng4 5. O-O Qf6 6. Bg5 Qg6 7. h3 Nxf2 8.
Rxf2 Bxf2+ 9. Kxf2 d6 10. Nc3 Nc6 11. Nd5 O-O 12. Be7 Re8 13. Bh4 Kh8 14. Nxc7
Rf8 15. Nxa8 f6 16. Nc7 Nb4 17. Nd5 Be6 18. Nxb4 a5 19. Nd5 Qe8 20. Nc7 Qd7 21.
Nxe6 Qxe6 22. d4 d5 23. dxe5 dxe4 24. Nd4 Qb6 25. exf6 gxf6 26. b3 f5 27. Kf1
f4 28. Bf2 Qf6 29. Nb5 e3 30. Be1 Qg5 31. Bc4 Rg8 32. Bc3+ Rg7 33. Bxg7+ Kxg7
34. Qd7+ Kh6 35. Rd1 Qg3 36. Rd6+ Kh5 37. Bf7+ Kh4 38. Qe7+ Qg5 39. Rh6+ Kg3
40. Qxg5+ Kh2 41. Qxf4+ Kh1 42. Bd5 e2+ 43. Kxe2 Kg1 44. Qf2+ Kh2 45. g4# 1-0

[Event "U.S. Amateur North"]
[Site "Detroit, MI"]
[Date "1997.05.24"]
[Round "1.18"]
[White "Chrzan, Anthony"]
[Black "Sparks, Frazier"]
[Result "0-1"]
[WhiteElo "948"]
[BlackElo "1861"]
[PlyCount "88"]
[EventDate "1997.05.24"]

1. e4 c5 2. Nf3 Nc6 3. Nc3 d6 4. d4 cxd4 5. Nxd4 e5 6. Nxc6 bxc6 7. Bc4 Nf6 8.
Bg5 Be7 9. Qd2 O-O 10. O-O-O d5 11. Bxf6 Bxf6 12. exd5 Bg5 13. f4 Bxf4 14. Qxf4
exf4 15. dxc6 Qf6 16. Ne4 Qh6 17. c7 Bb7 18. Nd6 Qf6 19. Nxb7 Rac8 20. Rd6 Qg5
21. Rd5 Qxg2 22. Rhd1 Rxc7 23. Rd8 Qxb7 24. Rxf8+ Kxf8 25. Bd5 Qb6 26. b3 Rd7
27. c4 f3 28. Kb2 Qf2+ 29. Kc1 Qxa2 30. Re1 Re7 31. Rxe7 Kxe7 32. Bxf3 Qxb3 33.
Bd5 f5 34. Kd2 g5 35. Ke1 f4 36. Kf2 g4 37. h4 Qg3+ 38. Kf1 Qxh4 39. c5 f3 40.
Bb7 Qh2 41. Ba6 g3 42. Ke1 Qf2+ 43. Kd1 g2 44. c6 g1=Q+ 0-1

[Event "Chicago Open U2200"]
[Site "Schaumburg, IL"]
[Date "1997.05.24"]
[Round "3"]
[White "Baunok, Zoltan"]
[Black "Aldrich, Jeff"]
[Result "1-0"]
[WhiteElo "2168"]
[BlackElo "2065"]
[PlyCount "93"]
[EventDate "1997.05.23"]

1. e4 c6 2. d4 d5 3. e5 Bf5 4. Nc3 e6 5. g4 Bg6 6. Nge2 c5 7. Be3 Nc6 8. h4 Qa5
9. Nf4 cxd4 10. Nxg6 hxg6 11. Bxd4 Qb4 12. Bb5 O-O-O 13. Bxc6 bxc6 14. a3 Qa5
15. b4 Qa6 16. b5 cxb5 17. Qd3 Qa5 18. Ke2 a6 19. Rhb1 Rd7 20. Nxb5 axb5 21.
Rxb5 Qa4 22. Rab1 Rc7 23. Rb8+ Kd7 24. R1b7 Ne7 25. Rxc7+ Kxc7 26. Rb4 Qa8 27.
Qb5 Nc6 28. Bb6+ Kc8 29. Ra4 Qb7 30. c4 Be7 31. cxd5 exd5 32. g5 Bd8 33. Qxd5
Qxb6 34. Rc4 Kb7 35. Rb4 Qxb4 36. axb4 Kc7 37. b5 Nb8 38. Qxf7+ Kb6 39. Qxg6+
Kxb5 40. Qxg7 Rxh4 41. Qb7+ Kc5 42. Qxb8 Bxg5 43. Qd6+ Kc4 44. Qd3+ Kc5 45. Qf5
Be7 46. Qc8+ Kb6 47. Qe6+ 1-0

[Event "U.S. Amateur North"]
[Site "Detroit, MI"]
[Date "1997.05.24"]
[Round "1.7"]
[White "Andreas, Peter"]
[Black "Rucker, Ed"]
[Result "1-0"]
[WhiteElo "1968"]
[BlackElo "1214"]
[PlyCount "67"]
[EventDate "1997.05.24"]

1. e4 e5 2. Nf3 Nc6 3. Bc4 d6 4. h3 Be7 5. d3 Nf6 6. Nc3 O-O 7. a3 a6 8. Be3 b5
9. Bb3 Be6 10. Bxe6 fxe6 11. O-O d5 12. Bg5 Bc5 13. Bh4 Qd6 14. Re1 Ba7 15.
exd5 exd5 16. Bg3 Rae8 17. Qd2 Nh5 18. Qg5 Nxg3 19. Qxg3 Rf6 20. Re2 Rg6 21.
Qh2 Rge6 22. Rae1 h6 23. Nb1 a5 24. c3 Bc5 25. d4 exd4 26. Qxd6 Bxd6 27. Rxe6
Rf8 28. Nxd4 Nxd4 29. cxd4 Bf4 30. Re8 Rxe8 31. Rxe8+ Kf7 32. Rb8 c6 33. Rc8
Ke6 34. Rxc6+ 1-0

[Event "U.S. Amateur North"]
[Site "Detroit, MI"]
[Date "1997.05.24"]
[Round "3.14"]
[White "Andreas, Peter"]
[Black "Dolin, Jack"]
[Result "1-0"]
[WhiteElo "1968"]
[BlackElo "1336"]
[PlyCount "101"]
[EventDate "1997.05.24"]

1. e4 e6 2. d4 d5 3. Nd2 dxe4 4. Nxe4 Nd7 5. Be3 Ngf6 6. Bd3 Nxe4 7. Bxe4 Nf6
8. Bf3 Nd5 9. Qd2 Bb4 10. c3 Be7 11. Ne2 Nxe3 12. fxe3 Bh4+ 13. g3 Bf6 14. O-O
c6 15. Nf4 O-O 16. Nh5 Be7 17. Rad1 Qa5 18. a3 c5 19. dxc5 Qxc5 20. Nf4 Rb8 21.
Qd4 e5 22. Qxc5 Bxc5 23. Ng2 f6 24. Rd5 Bb6 25. Rfd1 Bh3 26. Kf2 Rfe8 27. Ne1
e4 28. Be2 Be6 29. Rd6 Bc7 30. Rxe6 Rxe6 31. Bc4 Rbe8 32. Rd7 Bb6 33. Rxb7 Kf8
34. Bxe6 Rxe6 35. Rd7 Re8 36. Nc2 Rd8 37. Rxd8+ Bxd8 38. Nd4 Ke8 39. Nb5 Ke7
40. Nxa7 Kd6 41. Nb5+ Kc6 42. Nd4+ Kd5 43. b3 g6 44. c4+ Kd6 45. b4 f5 46. Ke2
Bf6 47. a4 Bxd4 48. exd4 g5 49. Ke3 h5 50. a5 Kc6 51. b5+ 1-0

[Event "U.S. Amateur North"]
[Site "Detroit, MI"]
[Date "1997.05.24"]
[Round "3.27"]
[White "Alliston, Richard"]
[Black "Smith, Tyrnn"]
[Result "1-0"]
[WhiteElo "1510"]
[BlackElo "588"]
[PlyCount "59"]
[EventDate "1997.05.24"]

1. d4 Nc6 2. c4 e6 3. Nc3 d5 4. e3 Bb4 5. Bd3 dxc4 6. Bxc4 Nf6 7. Nf3 O-O 8.
O-O a6 9. Qc2 b5 10. Bd3 Bb7 11. Bd2 Na5 12. Ne5 Nc6 13. a3 Nxe5 14. dxe5 Ng4
15. axb4 f6 16. Bxh7+ Kh8 17. Rfd1 fxe5 18. Be1 Qh4 19. h3 Bxg2 20. Kxg2 Nf6
21. Be4 Qg5+ 22. Kf1 g6 23. Bxa8 Rxa8 24. Ne4 Qh4 25. Nxf6 Qxf6 26. Qxc7 Qf3
27. Qxe5+ Kh7 28. Qg3 Qh1+ 29. Ke2 Rf8 30. Rd7+ 1-0

[Event "Chicago Open U2200"]
[Site "Schaumburg, IL"]
[Date "1997.05.24"]
[Round "2"]
[White "Aldrich, Jeff"]
[Black "Kilibarda, Zoran"]
[Result "0-1"]
[WhiteElo "2065"]
[BlackElo "2140"]
[PlyCount "75"]
[EventDate "1997.05.23"]

1. d4 Nf6 2. c4 e6 3. Nc3 Bb4 4. Qc2 c5 5. dxc5 Na6 6. Bd2 Bxc5 7. a3 O-O 8.
Nf3 b6 9. Bg5 Be7 10. e3 Bb7 11. Be2 Nc5 12. O-O d5 13. Rfd1 Nfe4 14. Nxe4 Nxe4
15. Bxe7 Qxe7 16. Rac1 Rac8 17. Qb1 dxc4 18. Rxc4 Rxc4 19. Bxc4 Nd6 20. Be2 Rd8
21. b4 Ne4 22. Rxd8+ Qxd8 23. Qd3 Qc8 24. Qc4 Qxc4 25. Bxc4 Nd6 26. Be2 Bxf3
27. Bxf3 Nc4 28. a4 Nb2 29. a5 Nd3 30. axb6 axb6 31. b5 Kf8 32. Kf1 Ke7 33. Ke2
Ne5 34. Be4 f5 35. Bc2 Kd6 36. f4 Ng4 37. h3 Nf6 38. Bb3 0-1

[Event "Chicago Open U2200"]
[Site "Schaumburg, IL"]
[Date "1997.05.24"]
[Round "1"]
[White "Aldrich, Jeff"]
[Black "Gray, Donny"]
[Result "1-0"]
[WhiteElo "2065"]
[BlackElo "2155"]
[PlyCount "61"]
[EventDate "1997.05.23"]

1. d4 d5 2. c4 c6 3. Nc3 Nf6 4. Nf3 dxc4 5. a4 Bf5 6. e3 e6 7. Bxc4 Bb4 8. O-O
Nbd7 9. Qb3 Qb6 10. Bd2 Be7 11. Rfe1 Qxb3 12. Bxb3 O-O 13. e4 Bg4 14. d5 Bxf3
15. gxf3 cxd5 16. exd5 e5 17. Ne4 Rfe8 18. Bc3 Nh5 19. Rad1 Nf4 20. Ng3 Bc5 21.
Ne4 f6 22. Bc4 a6 23. d6+ Kf8 24. Nxc5 Nxc5 25. d7 Red8 26. Bb4 b6 27. a5 Ke7
28. axb6 Rxd7 29. Bxc5+ Kd8 30. b7 Rb8 31. Bxa6 1-0

[Event "U.S. Amateur North"]
[Site "Detroit, MI"]
[Date "1997.05.25"]
[Round "4.33"]
[White "Zarzycki, Amanda"]
[Black "Valdivia, Alex"]
[Result "0-1"]
[WhiteElo "851"]
[BlackElo "1007"]
[PlyCount "96"]
[EventDate "1997.05.24"]

1. e4 e5 2. Nf3 Nc6 3. Nc3 Bc5 4. Bb5 Nge7 5. d3 h6 6. O-O a6 7. Bxc6 Nxc6 8.
a3 d6 9. h3 O-O 10. Bd2 b5 11. Nh2 Nd4 12. b4 Bb6 13. Nd5 Rb8 14. c3 Ne6 15.
Qf3 Ng5 16. Qh5 f6 17. Nxb6 Rxb6 18. Rae1 Be6 19. Re3 d5 20. f4 Bf7 21. Qg4 d4
22. Rg3 Be6 23. Qh4 Nf7 24. f5 Bb3 25. Bxh6 Nxh6 26. Qxh6 Rf7 27. Ng4 gxh6 28.
Nxh6+ Kh7 29. Nxf7 Bxf7 30. Rg4 dxc3 31. Rf3 Bh5 32. Rh4 Kh6 33. Rg3 Qe8 34.
Kf2 c2 35. d4 c1=Q 36. dxe5 Qb2+ 37. Ke3 Qbxe5 38. Rg6+ Qxg6 39. fxg6 Qg5+ 40.
Rf4 Bxg6 41. h4 Qg3+ 42. Rf3 Qe1+ 43. Kf4 Qxe4+ 44. Kg3 Kh5 45. Kh3 Qg4+ 46.
Kh2 Re6 47. Kg1 Re2 48. Kf1 Qxg2# 0-1

[Event "U.S. Amateur North"]
[Site "Detroit, MI"]
[Date "1997.05.25"]
[Round "4.7"]
[White "Wisckol, Richard"]
[Black "Gaiefsky, Mike"]
[Result "1-0"]
[WhiteElo "1882"]
[BlackElo "1900"]
[PlyCount "83"]
[EventDate "1997.05.24"]

1. c4 Nf6 2. Nc3 g6 3. e4 d6 4. d4 Bg7 5. Nf3 O-O 6. Be2 Nbd7 7. O-O e5 8. Re1
exd4 9. Nxd4 Nc5 10. f3 Re8 11. Be3 Bd7 12. Qc2 a6 13. Rad1 Ne6 14. Bf1 Nh5 15.
b4 c6 16. Nb3 Be5 17. g3 Qf6 18. Na4 Qxf3 19. Bg2 Qf6 20. Nb6 Rad8 21. Na5 Nd4
22. Qf2 Qxf2+ 23. Kxf2 Nc2 24. Re2 Bg4 25. Bf3 Bxf3 26. Kxf3 Nxe3 27. Rxe3 Ng7
28. c5 dxc5 29. Rxd8 Rxd8 30. bxc5 Ne6 31. Nxb7 Rd2 32. Nc4 Ng5+ 33. Kg4 h5+
34. Kxg5 f6+ 35. Kxg6 Rd7 36. Nxe5 fxe5 37. Na5 Rg7+ 38. Kf6 h4 39. gxh4 Rg2
40. a3 Rxh2 41. Kxe5 Rxh4 42. Nxc6 1-0